00571nam a22001817a 450000500170000000800410001702000180005804000210007604100080009708200180010524500510012325000120017426000590018630000100024565000440025565000580029970000320035720230331120115.0230331b ||||| |||| 00| 0 eng d a9789324406071 aIN-DiNCcIN-DiNC dasm a891.4514bLAK aLakshyadhar Chaudhury/ced. Upendra Nath Sarma a1st ed. aJorhat:bChandra prakash,bAssam Sahitya Sabha,c2016. a246p. aLife and works of Lakshyadhar Chaudhury aCritical essays on the works of Lakshyadhar Chaudhury aSarma, Upendra NatheEditor